Aktuálne limity strategického plánovania
Stručný výklad pojmu strategické plánovanie (strategické plánovanie alebo strategický manažment?). Koncepcie strategického plánovania. Proces strategického plánovania. Metódy strategického plánovania. Rozvoj strategického plánovania. Komparácia dokumentácie strategických plánov. Strategický plán - s...
Salvato in:
| Autore principale: | |
|---|---|
| Natura: | Capitolo di libro |
| Lingua: | slovacco |
| Soggetti: | |
| Tags: |
Nessun Tag, puoi essere il primo ad aggiungerne!!
|
MARC
| LEADER | 00000nla$a2200000$$$4500 | ||
|---|---|---|---|
| 001 | 0066381 | ||
| 005 | 20240502071804.4 | ||
| 041 | 0 | |a slo | |
| 044 | |a SK | ||
| 245 | 1 | 0 | |a Aktuálne limity strategického plánovania |c Štefan Slávik |
| 520 | |a Stručný výklad pojmu strategické plánovanie (strategické plánovanie alebo strategický manažment?). Koncepcie strategického plánovania. Proces strategického plánovania. Metódy strategického plánovania. Rozvoj strategického plánovania. Komparácia dokumentácie strategických plánov. Strategický plán - schéma štandardizovanej charakteristiky variantu stratégie. Kontinuálne strategické plánovanie. | ||
| 610 | 2 | 0 | |a plánovanie strategické |
| 610 | 2 | 0 | |a koncepcie |
| 610 | 2 | 0 | |a metódy |
| 610 | 2 | 0 | |a plán strategický |
| 100 | 1 | |a Slávik, Štefan, 1955- | |